People of destiny : (Record no. 287)
[ view plain ]
| 000 -LEADER | |
|---|---|
| fixed length control field | 01172cam a22003131 4500 |
| 001 - CONTROL NUMBER | |
| control field | 4539407 |
| 003 - CONTROL NUMBER IDENTIFIER | |
| control field | OSt |
| 005 - DATE AND TIME OF LATEST TRANSACTION | |
| control field | 20140310181625.0 |
| 008 - FIXED-LENGTH DATA ELEMENTS--GENERAL INFORMATION | |
| fixed length control field | 700914s1968 iluac j b 000 0beng |
| 010 ## - LIBRARY OF CONGRESS CONTROL NUMBER | |
| LC control number | 68015562 |
| 040 ## - CATALOGING SOURCE | |
| Original cataloging agency | DLC |
| Transcribing agency | DLC |
| Modifying agency | DLC |
| 042 ## - AUTHENTICATION CODE | |
| Authentication code | lcac |
| 050 00 - LIBRARY OF CONGRESS CALL NUMBER | |
| Classification number | TL 540 |
| Item number | .R514 1968 |
| 082 00 - DEWEY DECIMAL CLASSIFICATION NUMBER | |
| Classification number | REF 920 |
| Item number | L63 1968 |
| 100 1# - MAIN ENTRY--PERSONAL NAME | |
| Personal name | Richards, Kenneth G., |
| Dates associated with a name | 1926- |
| 245 10 - TITLE STATEMENT | |
| Title | People of destiny : |
| Statement of responsibility, etc | by Kenneth G. Richards. |
| Remainder of title | Charles Lindbergh / |
| 260 ## - PUBLICATION, DISTRIBUTION, ETC. (IMPRINT) | |
| Place of publication, distribution, etc | Chicago, |
| Name of publisher, distributor, etc | Childrens Press |
| Date of publication, distribution, etc | [1968] |
| 300 ## - PHYSICAL DESCRIPTION | |
| Extent | 95 p. ; |
| Other physical details | illus., ports. |
| Dimensions | 29 cm. |
| 490 0# - SERIES STATEMENT | |
| Series statement | People of destiny: a humanities series |
| 504 ## - BIBLIOGRAPHY, ETC. NOTE | |
| Bibliography, etc | Bibliography: p. 92-93. |
| 520 ## - SUMMARY, ETC. | |
| Summary, etc | 1. Lindbergh, Charles 2. A biography of the aviator whose solo crossing of the Atlantic fired the imagination of the world and won the adulation of peoples everywhere. |
| 521 ## - TARGET AUDIENCE NOTE | |
| Target audience note | |
| 541 ## - IMMEDIATE SOURCE OF ACQUISITION NOTE | |
| -- | 1 |
| 562 ## - COPY AND VERSION IDENTIFICATION NOTE | |
| Number of copies | For circulation. 1 copy in the collection |
| 600 10 - SUBJECT ADDED ENTRY--PERSONAL NAME | |
| Personal name | Lindbergh, Charles A. |
| Fuller form of name | (Charles Augustus), |
| Dates associated with a name | 1902-1974. |
| 600 11 - SUBJECT ADDED ENTRY--PERSONAL NAME | |
| Personal name | Lindbergh, Charles A. |
| Fuller form of name | (Charles Augustus), |
| Dates associated with a name | 1902-1974. |
| 906 ## - LOCAL DATA ELEMENT F, LDF (RLIN) | |
| a | 7 |
| b | cbc |
| c | orignew |
| d | u |
| e | ncip |
| f | 19 |
| g | y-gencatlg |
| 942 ## - ADDED ENTRY ELEMENTS (KOHA) | |
| Source of classification or shelving scheme | Library of Congress Classification |
| Koha item type | |
| Call number prefix | |
| Withdrawn status | Lost status | Source of classification or shelving scheme | Damaged status | Home library | Current library | Shelving location | Date acquired | Total Checkouts | Full call number | Barcode | Date last seen | Copy number | Price effective from | Koha item type |
|---|---|---|---|---|---|---|---|---|---|---|---|---|---|---|
| Library of Congress Classification | Luxembourg Library | Luxembourg Library | Reference Section | 02/06/2012 | TL 540 .R514 1968 | 7984 | 08/13/2013 | 1 | 10/03/2013 | Books |